| 000 | 01595cam a2200397 i 4500 | ||
|---|---|---|---|
| 001 | 1783 | ||
| 005 | 20260304140325.0 | ||
| 020 | _a9780553535310 (paperback) | ||
| 020 | _a9780553535280 (hardcover) | ||
| 020 | _a9780553535297 (library binding) | ||
| 020 | _z9780525581666 (ebook) | ||
| 040 |
_aDLC _beng _cDLC _erda _dDLC |
||
| 050 | 0 | 0 |
_aPZ7.1.H368 _bGir 2018 |
| 082 | 0 | 0 |
_a[Fic] _223 |
| 100 | 1 |
_aHargrave, Kiran Millwood, _d1990- _eauthor. |
|
| 245 | 1 | 4 |
_aThe girl of ink and stars / _cKiran Millwood Hargrave. |
| 250 | _aFirst Yearling edition. | ||
| 260 |
_aFrome : _bChicken House, _c2016 |
||
| 300 |
_a218 pages : _billustrations, maps ; _c20 cm |
||
| 500 | _aOriginally published as The cartographer's daughter in 2016. | ||
| 505 | _aM | ||
| 520 | _aWhen a series of mysterious deaths shakes her island community, thirteen-year-old Isabella, daughter to the island's only mapmaker, leads a party of explorers into the forest, where legends Isabella has grown up with show signs of coming to life. | ||
| 521 |
_a710
_bLexile HL |
||
| 521 |
_aM
_bRaz-Plus |
||
| 650 | 1 |
_aIslands _vFiction. |
|
| 650 | 1 |
_aMythology _vFiction. |
|
| 650 | 1 |
_aCartography _vFiction. |
|
| 650 | 1 |
_aMaps _vFiction. |
|
| 650 | 1 |
_aFriendship _vFiction. |
|
| 650 | 1 |
_aAdventure and adventurers _vFiction. |
|
| 650 | 7 |
_aJUVENILE FICTION / Action & Adventure / General. _2bisacsh |
|
| 650 | 7 |
_aJUVENILE FICTION / Legends, Myths, Fables / General. _2bisacsh |
|
| 650 | 7 |
_aJUVENILE FICTION / Animals / Mythical. _2bisacsh |
|
| 906 |
_a7 _bcbc _corignew _d1 _eecip _f20 _gy-gencatlg |
||
| 942 |
_2ddc _cBK _n0 |
||
| 999 |
_c1783 _d1783 |
||